| 000 | 00368 a2200133 4500 | ||
|---|---|---|---|
| 005 | 20250711081806.0 | ||
| 020 | _a978 9987 9539-1-2 | ||
| 082 | _a657.45 MHI | ||
| 100 | _aMHILU, F. M. H. | ||
| 245 | _aAudit Assurance and Related Services. | ||
| 260 |
_aDar es Salaam, _bNBAA, _c2012. |
||
| 300 |
_axviii, 458p.: ill.; chart, table _bBibliography _c23cm |
||
| 942 |
_2ddc _cBKS |
||
| 999 |
_c6657 _d6657 |
||